Pays par Indice. Niveau IMPOSSIBLE - Statistiques

Statistiques générales
  • Ce quiz a été pris 297 fois
  • Le résultat moyen est 5 sur 9
Statistiques - réponses
Indice Pays % Correct
Pays qui a accueilli les Jeux Olympiques en 2008. Chine
79%
Pays connu pour ses traditions maoris et ses geysers. Nouvelle-Zélande
79%
Pays avec des mosquées iconiques et où l'on trouve le butin de Babylone. Irak
64%
Pays avec un fort héritage islamique, célèbre pour ses revues médicales. Iran
54%
Pays dont la capitale est Lomé et qui possède des plages sur la mer, des cultures variées. Togo
51%
Pays entier formé d'îles et célèbre pour ses plages paradisiaques et son tourisme. Maldives
47%
Pays d'Asie Centrale célèbre pour ses montagnes et ses chefs-d'œuvre traditionnels en soie. Ouzbékistan
47%
Pays avec un drapeau où l'on voit un lion et dont le nom fait référence à une ancienne forteresse. Sri Lanka
47%
Pays connu pour ses anciennes traditions de sorcellerie et ses chutes d'eau. Zimbabwe
11%
Aucun quiz correspondant
Distribution des résultats
% des personnes avec chaque résultat
Percentile par nombre de réponses
Votre historique - résultats
Vous n’avez pas pris ce quiz